King Rat / (Record no. 200468074)

MARC details
000 -LEADER
fixed length control field 01248cam a2200397 i 4500
001 - CONTROL NUMBER
control field 200468074
003 - CONTROL NUMBER IDENTIFIER
control field TR-AnTOB
005 - DATE AND TIME OF LATEST TRANSACTION
control field 20260413134301.0
007 - PHYSICAL DESCRIPTION FIXED FIELD--GENERAL INFORMATION
fixed length control field ta
008 - FIXED-LENGTH DATA ELEMENTS--GENERAL INFORMATION
fixed length control field 260413r19771962nyu 000 1 eng c
010 ## - LIBRARY OF CONGRESS CONTROL NUMBER
LC control number 2009291433
020 ## - INTERNATIONAL STANDARD BOOK NUMBER
International Standard Book Number 0340204451
Terms of availability (paperback)
035 ## - SYSTEM CONTROL NUMBER
System control number 15772089
System control number (OCoLC)41518891
System control number (TR-AnTOB)200468074
040 ## - CATALOGING SOURCE
Original cataloging agency DZM
Language of cataloging eng
Description conventions rda
Transcribing agency DZM
Modifying agency UMC
-- OCLCQ
-- BAKER
-- YDXCP
-- DLC
-- TR-AnTOB
041 0# - LANGUAGE CODE
Language code of text/sound track or separate title İngilizce
043 ## - GEOGRAPHIC AREA CODE
Geographic area code n-us---
050 00 - LIBRARY OF CONGRESS CALL NUMBER
Classification number PS3553.L365
Item number K5 1977
090 ## - LOCALLY ASSIGNED LC-TYPE CALL NUMBER (OCLC); LOCAL CALL NUMBER (RLIN)
Classification number (OCLC) (R) ; Classification number, CALL (RLIN) (NR) PS3553.L365
Local cutter number (OCLC) ; Book number/undivided call number, CALL (RLIN) K5 1977
100 1# - MAIN ENTRY--PERSONAL NAME
Personal name Clavell, James
Relator term author
Relator code aut
9 (RLIN) 150123
245 10 - TITLE STATEMENT
Title King Rat /
Statement of responsibility, etc. James Clavell.
264 #1 - PRODUCTION, PUBLICATION, DISTRIBUTION, MANUFACTURE, AND COPYRIGHT NOTICE
Place of production, publication, distribution, manufacture London :
Name of producer, publisher, distributor, manufacturer Coronet Books,
Date of production, publication, distribution, manufacture, or copyright notice 1977.
300 ## - PHYSICAL DESCRIPTION
Extent 320 pages ;
Dimensions 18 cm
336 ## - CONTENT TYPE
Content type term text
Content type code txt
Source rdacontent
337 ## - MEDIA TYPE
Media type term unmediated
Media type code n
Source rdamedia
338 ## - CARRIER TYPE
Carrier type term volume
Carrier type code nc
Source rdacarrier
650 #0 - SUBJECT ADDED ENTRY--TOPICAL TERM
Topical term or geographic name entry element World War, 1939-1945
General subdivision Prisoners and prisons, Japanese
Form subdivision Fiction
9 (RLIN) 153593
Topical term or geographic name entry element Prisoners of war
Form subdivision Fiction
9 (RLIN) 153594
Topical term or geographic name entry element Soldiers
Form subdivision Fiction
9 (RLIN) 153595
655 #7 - INDEX TERM--GENRE/FORM
Genre/form data or focus term War stories
Source of term gsafd
9 (RLIN) 5022
Genre/form data or focus term Fiction
Source of term lcgft
Authority record control number https://id.loc.gov/authorities/genreForms/gf2014026339
9 (RLIN) 151487
942 ## - ADDED ENTRY ELEMENTS (KOHA)
Source of classification or shelving scheme Library of Congress Classification
Koha item type Book
Holdings
Withdrawn status Lost status Source of classification or shelving scheme Damaged status Not for loan Collection code Home library Current library Shelving location Date acquired Source of acquisition Inventory number Total Checkouts Full call number Barcode Date last seen Copy number Date shelved Koha item type Public note
    Library of Congress Classification Kullanılmış / Used Ödünç Verilemez-Kurumiçi kullanım / Not for loan-For inhouse use Genel Koleksiyon Tıp Fakültesi Medikal Kütüphane Tıp Fakültesi Medikal Kütüphane Genel Koleksiyon / Main Collection 18/03/2026 Bağış / Donation İDE   PS3553.L365 K5 1977 TıpFaK TF03058 13/04/2026 1 13/04/2026 Book Donated by Prof. Dr. Şükrü Cin
Devinim Yazılım Eğitim Danışmanlık tarafından Koha'nın orjinal sürümü uyarlanarak geliştirilip kurulmuştur.